Ashis Nandy and the cultural politics of selfhood / (Record no. 74016)

MARC details
000 -LEADER
fixed length control field 01288nam a22002897a 4500
005 - DATE AND TIME OF LATEST TRANSACTION
control field 20130328122548.0
008 - FIXED-LENGTH DATA ELEMENTS--GENERAL INFORMATION
fixed length control field 130328b xxu||||| |||| 00| 0 eng d
010 ## - LCCN (DPL NO)
LC control number ENG-106749
020 ## - INTERNATIONAL STANDARD BOOK NUMBER
International Standard Book Number 9788132110453
Terms of availability 750.00
035 ## - SYSTEM CONTROL NUMBER
System control number EN-90282
037 ## - SOURCE OF ACQUISITION
Source of stock number/acquisition DBAD/PUB
040 ## - CATALOGING SOURCE
Original cataloging agency DPL
Language of cataloging Eng
082 00 - DEWEY DECIMAL CLASSIFICATION NUMBER
Classification number 306.2
Edition number 23
100 1# - MAIN ENTRY--PERSONAL NAME
Personal name Deftereos, Christine,
Dates associated with a name 1974-
245 10 - TITLE STATEMENT
Title Ashis Nandy and the cultural politics of selfhood /
Statement of responsibility, etc by Christine Deftereos
260 ## - PUBLICATION, DISTRIBUTION, ETC. (IMPRINT)
Place of publication, distribution, etc New Delhi
Name of publisher, distributor, etc SAGE Publications
Date of publication, distribution, etc 2013
270 ## - ADDRESS
Address B1/I-1Mohan Cooperative Industrial Area Mathura Road
City New Delhi
Postal code 110044
300 ## - PHYSICAL DESCRIPTION
Extent xi,265p.
Dimensions 24cm(Hb)
500 ## - GENERAL NOTE
General note Includes bibliographical references and index.
505 0# - FORMATTED CONTENTS NOTE
Formatted contents note Eading the politics of blame -- The conceptual battleground of anti-secularism and culturalism -- Critique at the threshold of politics -- Revolt and the role of the critic -- Critical interventions: towards the psychotherapeutic -- The psychotherapeutic as a mode of social criticism -- Conclusion: re-imaginings in the cultural politics of selfhood .
600 10 - SUBJECT ADDED ENTRY--PERSONAL NAME
Personal name Nandy, Ashis.
650 #0 - SUBJECT ADDED ENTRY--TOPICAL TERM
Topical term or geographic name as entry element Political psychology
Geographic subdivision India.
650 #0 - SUBJECT ADDED ENTRY--TOPICAL TERM
Topical term or geographic name as entry element Psychoanalysis
Geographic subdivision India.
650 #0 - SUBJECT ADDED ENTRY--TOPICAL TERM
Topical term or geographic name as entry element Secularism
Geographic subdivision India.
650 #0 - SUBJECT ADDED ENTRY--TOPICAL TERM
Topical term or geographic name as entry element Toleration
Geographic subdivision India.
942 ## - ADDED ENTRY ELEMENTS (KOHA)
Source of classification or shelving scheme Dewey Decimal Classification
Item type English Books
Classification part 306.2
Call number suffix DEF
Holdings
Withdrawn status Lost status Source of classification or shelving scheme Damaged status Not for loan Collection code Home library Current library Date acquired Source of acquisition Cost, normal purchase price Total Checkouts Full call number Barcode Date last seen Copy number Cost, replacement price Koha item type
    Dewey Decimal Classification   Not For Loan Non-fiction D.B.Act.Division D.B.Act.Division 28/03/2013 DBAD/PUB 750.00   306.2 DEF EN-90282 28/03/2013 1 750.00 English Books

© Delhi Public Library
Hit Counter
free hit counter